Кластеры в использовании отходов производства, попутного сырья на горнодобывающих предприятиях (проблемы, эффективность) (Запись № 12431056)
[ простой вид ]
| 000 -МАРКЕР | |
|---|---|
| контрольное поле | 02720nam0a2200385 4500 |
| 001 - ИДЕНТИФИКАТОР ЗАПИСИ | |
| контрольное поле | RU\NLR\BIBL_A\012551411 |
| 005 - ИДЕНТИФИКАТОР ВЕРСИИ | |
| контрольное поле | 20260406012040.0 |
| 010 ## - МЕЖДУНАРОДНЫЙ СТАНДАРТНЫЙ НОМЕР КНИГИ (ISBN) | |
| Номер (ISBN) | 9785907297593 |
| Тираж | 500 |
| 021 ## - НОМЕР ГОСУДАРСТВЕННОЙ РЕГИСТРАЦИИ | |
| Код страны | российская федерация |
| Номер | 2021-6956 |
| Номер Листа государственной регистраци | КН-П-548 |
| 035 ## - ДРУГИЕ СИСТЕМНЫЕ НОМЕРА | |
| Идентификатор записи | (RuMoRGB)010571494 |
| 035 ## - ДРУГИЕ СИСТЕМНЫЕ НОМЕРА | |
| Идентификатор записи | (NLR Aleph) 012551411 |
| 100 ## - ДАННЫЕ ОБЩЕЙ ОБРАБОТКИ | |
| Данные общей обработки | 20210623d2020 k y0rusy50 ca |
| 101 0# - ЯЗЫК РЕСУРСА | |
| Язык текста, звукозаписи и т.д. | русский |
| 102 ## - СТРАНА ПУБЛИКАЦИИ ИЛИ ПРОИЗВОДСТВА | |
| Страна публикации | российская федерация |
| 105 ## - ПОЛЕ КОДИРОВАННЫХ ДАННЫХ: ТЕКСТОВЫЕ МАТЕРИАЛЫ, МОНОГРАФИЧЕСКИЕ | |
| Кодированные данные о монографическом текстовом документе | a z 000yy |
| 181 #0 - ПОЛЕ КОДИРОВАННЫХ ДАННЫХ: ВИД СОДЕРЖАНИЯ | |
| Код вида содержания (ISBD) | i |
| Код характеристики содержания (ISBD) | axxe |
| 182 #0 - ПОЛЕ КОДИРОВАННЫХ ДАННЫХ: ТИП СРЕДСТВА | |
| Код типа средства (ISBD) | n - непосредственное |
| 200 1# - ЗАГЛАВИЕ И СВЕДЕНИЯ ОБ ОТВЕТСТВЕННОСТИ | |
| Основное заглавие | Кластеры в использовании отходов производства, попутного сырья на горнодобывающих предприятиях (проблемы, эффективность) |
| Сведения, относящиеся к заглавию | монография |
| Первые сведения об ответственности | Е. Я. Власова, С. А. Бисинбаев, Я. Я. Яндыганов |
| Последующие сведения об ответственности | под научной редакцией Заслуженного деятеля науки РФ, доктора географических наук, профессора Я. Я. Яндыганова |
| 203 ## - ВИД СОДЕРЖАНИЯ И ТИП СРЕДСТВА | |
| Вид содержания | Текст |
| Дополнительные сведения об издании | визуальный |
| Тип средства | непосредственный |
| 210 ## - ПУБЛИКАЦИЯ, РАСПРОСТРАНЕНИЕ И ДР. | |
| Место издания, распространения и т.д. | Екатеринбург |
| Имя издателя, распространителя и т. д. | Альфа Принт |
| Дата издания, распространения и т.д. | 2020 |
| 215 ## - ФИЗИЧЕСКАЯ ХАРАКТЕРИСТИКА | |
| Специфическое обозначение материала и объем | 279, [4] с. |
| Другие сведения о физической характеристике | ил., табл. |
| Размеры | 21 |
| 300 ## - ОБЩИЕ ПРИМЕЧАНИЯ | |
| Текст примечания | На 4-й с. обл. авт.: Власова Е.Я., д.э.н., лауреат премии за лучшую науч. кн. за 2007 г., лауреат премии им. В.Н. Татищева и Г.В. де Геннина (2003), д.чл. Междунар. акад. наук экологии и безопасности жизнедеятельности, Яндыганов Я.Я., проф., д.г.н., засл. деят. науки РФ, почет. работник высш. проф. образования России, лауреат премии за лучшую науч. кн. за 2007 г., лауреат премии им. В.Н. Татищева и Г.В. де Геннина (2003) |
| 320 ## - ПРИМЕЧАНИЯ О НАЛИЧИИ В ДОКУМЕНТЕ БИБЛИОГРАФИИ / УКАЗАТЕЛЯ | |
| Текст примечания | Библиогр.: с. 261-268 (95 назв.) |
| 606 1# - НАИМЕНОВАНИЕ ТЕМЫ КАК ПРЕДМЕТ | |
| Наименование темы | Горнорудная промышленность |
| Тематический подзаголовок | Отходы |
| -- | Использование |
| Системный номер авторитетной/нормативной записи | 894884 |
| Идентификатор авторитетной/нормативной записи | RU\NLR\AUTH\664115 |
| 606 1# - НАИМЕНОВАНИЕ ТЕМЫ КАК ПРЕДМЕТ | |
| Наименование темы | Промышленные кластеры |
| Географический подзаголовок | Российская Федерация |
| Системный номер авторитетной/нормативной записи | 2449870 |
| Идентификатор авторитетной/нормативной записи | RU\NLR\AUTH\661456694 |
| 686 1# - ИНДЕКСЫ ДРУГИХ КЛАССИФИКАЦИЙ | |
| Индекс | И419 |
| 686 1# - ИНДЕКСЫ ДРУГИХ КЛАССИФИКАЦИЙ | |
| Индекс | У30(2)-431.5(2Р) |
| 686 1# - ИНДЕКСЫ ДРУГИХ КЛАССИФИКАЦИЙ | |
| Индекс | У30(2)54-553.84(2Р) |
| 700 #1 - ИМЯ ЛИЦА - ПЕРВИЧНАЯ ОТВЕТСТВЕННОСТЬ | |
| Материалы, к которым относится поле | rus |
| Графика поля | Кириллица |
| Начальный элемент ввода | Власова |
| Часть имени, кроме начального элемента ввода | Е. Я. |
| Дополнения к именам, кроме дат | д-р экон. наук |
| Даты | 1972- |
| Расширение инициалов личного имени | Екатерина Яковлевна |
| Идентификатор авторитетной/нормативной записи | RU\NLR\AUTH\77117547 |
| Системный номер авторитетной/нормативной записи | 100472 |
| 701 #1 - ИМЯ ЛИЦА - АЛЬТЕРНАТИВНАЯ ОТВЕТСТВЕННОСТЬ | |
| Начальный элемент ввода | Бисинбаев |
| Часть имени, кроме начального элемента ввода | С. А. |
| Расширение инициалов личного имени | Сабит Аязбаевич |
| 701 #1 - ИМЯ ЛИЦА - АЛЬТЕРНАТИВНАЯ ОТВЕТСТВЕННОСТЬ | |
| Начальный элемент ввода | Яндыганов |
| Часть имени, кроме начального элемента ввода | Я. Я. |
| Расширение инициалов личного имени | Яков Яныбаевич |
| 942 ## - ДОПОЛНИТЕЛЬНЫЕ ЭЛЕМЕНТЫ ЗАПИСИ (АБИС) | |
| Тип экземпляра АБИС | Книга |
| 980 ## - КОЛЛЕКЦИЯ | |
| Название коллекции | НБР |
Нет доступных экземпляров.